000
00210nam a22000857a 4500
008
161108b xxu||||| |||| 00| 0 eng d
100
_9
1053
_a
sapre s. a
245
_a
The Joy of work
260
_a
New Delhi
_b
N B T
_c
2006
999
_c
3709
_d
3709